NLSUI OPAC header image

Outsourcing to India : The offshore advantage (Record no. 23003)

MARC details
000 -LEADER
fixed length control field 00520nam a2200157Ia 4500
008 - FIXED-LENGTH DATA ELEMENTS--GENERAL INFORMATION
fixed length control field 160316s2005 xxu||||| |||| 00| 0 eng d
082 ## - DEWEY DECIMAL CLASSIFICATION NUMBER
Classification number 658.400000
Item number KOB
100 ## - MAIN ENTRY--PERSONAL NAME
Personal name Kobayashi-Hillary Mark
245 ## - TITLE STATEMENT
Title Outsourcing to India : The offshore advantage
250 ## - EDITION STATEMENT
Edition statement 2nd
260 ## - PUBLICATION, DISTRIBUTION, ETC.
Place of publication, distribution, etc. London
Name of publisher, distributor, etc. Springer
Date of publication, distribution, etc. 2005
300 ## - PHYSICAL DESCRIPTION
Extent 320p
Other physical details
Dimensions xvi
365 ## - TRADE PRICE
Price amount Rs.895
650 ## - SUBJECT ADDED ENTRY--TOPICAL TERM
Topical term or geographic name entry element 1. Electronic Data Processing Departments - Contracting Out - India<br/>2. Business Etiquette - India<br/>3. Offshore Outsourcing - India<br/>
700 ## - ADDED ENTRY--PERSONAL NAME
Personal name
--
Holdings
Withdrawn status Lost status Damaged status Not for loan Home library Current library Shelving location Date acquired Cost, normal purchase price Total Checkouts Full call number Barcode Date last seen Price effective from Koha item type
        . . NAB Compactor 30.05.2017 895.00   658.4 KOB 20855 30.05.2017 30.05.2017 BOOKs